000 01213nac a22003737a 4500
001 BR0400079
003 BR-BrBNA
005 20240105122924.0
008 230509b bl.|||m| |||| 00| 0 por d
040 _aBR-BrBNA
_bpor
_cBiblioteca Nacional de Agricultura
072 _aF61
090 _a0480 BR0400079
100 1 _aNeves, E.J.M.
100 1 _aReissmann, C.B.
100 1 _aDünisch, O.
110 1 _aEMBRAPA Florestas, Colombo, PR (Brasil)
245 1 _aDistribuição de raízes e acúmulo de macronutrientes e AL+++ em espécies florestais plantadas em latossolo amarelo da Amazônia Brasileira
260 3 _aColombo, PR (Brasil):
_c2003.
300 _a20 p.
490 _aBoletim de Pesquisa e Desenvolvimento - EMBRAPA FLorestas (Brazil)
_vno. 13
_xISSN 1676-9449
500 _aSummaries (En, Pt); 33 ref.
650 _aPAINEIRA
650 _aESSÊNCIA FLORESTAL
650 _aRAÍZ
650 _aVIROLA SURINAMENSIS
650 _aCASCA
650 _aLATOSSOLO AMARELO
650 _aMACROELEMENTO
650 _aDEFICIÊNCIA MINERAL
650 _aABSORÇÃO DE NUTRIENTES
650 _aAMAZÔNIA
909 _a202312
_bLúcia Elande
_c55
_dLúcia Elande
942 _2AGRIS
_n0
_cMS
999 _c293325
_d293325